<?xml version="1.0" encoding="UTF-8"?>
<record
    xmlns:xsi="http://www.w3.org/2001/XMLSchema-instance"
    xsi:schemaLocation="http://www.loc.gov/MARC21/slim http://www.loc.gov/standards/marcxml/schema/MARC21slim.xsd"
    xmlns="http://www.loc.gov/MARC21/slim">

  <leader>01470cam a22002655a 4500</leader>
  <datafield tag="999" ind1=" " ind2=" ">
    <subfield code="c">27328</subfield>
    <subfield code="d">27299</subfield>
  </datafield>
  <controlfield tag="005">20190508110217.0</controlfield>
  <controlfield tag="008">180219t2019    nyua   fr     001 0 eng d</controlfield>
  <datafield tag="020" ind1=" " ind2=" ">
    <subfield code="a">9781260092684</subfield>
  </datafield>
  <datafield tag="020" ind1=" " ind2=" ">
    <subfield code="a">1260092682</subfield>
  </datafield>
  <datafield tag="040" ind1=" " ind2=" ">
    <subfield code="a">StDuBDS</subfield>
    <subfield code="b">eng</subfield>
    <subfield code="c">StDuBDS</subfield>
    <subfield code="d">Uk</subfield>
    <subfield code="d">EG-ScBUE</subfield>
    <subfield code="d">EG-ScBUE</subfield>
  </datafield>
  <datafield tag="082" ind1="0" ind2="4">
    <subfield code="a">621.4021</subfield>
    <subfield code="b">CEN</subfield>
    <subfield code="2">22</subfield>
  </datafield>
  <datafield tag="100" ind1="1" ind2=" ">
    <subfield code="a">Cengel, Yunus A.</subfield>
  </datafield>
  <datafield tag="245" ind1="1" ind2="0">
    <subfield code="a">Thermodynamics :</subfield>
    <subfield code="b">an engineering approach /</subfield>
    <subfield code="c">Yunus A. Cengel, Michael A. Boles, Mehmet Kanoglu.</subfield>
  </datafield>
  <datafield tag="250" ind1=" " ind2=" ">
    <subfield code="a">9th ed., International student ed.</subfield>
  </datafield>
  <datafield tag="260" ind1=" " ind2=" ">
    <subfield code="a">New York :</subfield>
    <subfield code="b">McGraw-Hill Education,</subfield>
    <subfield code="c">c.2019.</subfield>
  </datafield>
  <datafield tag="300" ind1=" " ind2=" ">
    <subfield code="a">xxiv, 984 p. :</subfield>
    <subfield code="b">ill. (col.) ;</subfield>
    <subfield code="c">28 cm.</subfield>
  </datafield>
  <datafield tag="500" ind1=" " ind2=" ">
    <subfield code="a">Includes index.</subfield>
  </datafield>
  <datafield tag="520" ind1=" " ind2=" ">
    <subfield code="a">Thermodynamics, An Engineering Approach, covers the basic principles of thermodynamics while presenting a wealth of real-world engineering examples, so students get a feel for how thermodynamics is applied in engineering practice. This text helps students develop an intuitive understanding by emphasizing the physics and physical arguments. Cengel and Boles explore the various facets of thermodynamics through careful explanations of concepts and use of numerous practical examples and figures, having students develop necessary skills to bridge the gap between knowledge, and the confidence to properly apply their knowledge.
</subfield>
  </datafield>
  <datafield tag="650" ind1=" " ind2="7">
    <subfield code="a">Thermodynamics.</subfield>
    <subfield code="2">BUEsh</subfield>
  </datafield>
  <datafield tag="651" ind1=" " ind2=" ">
    <subfield code="2">BUEsh</subfield>
  </datafield>
  <datafield tag="653" ind1=" " ind2=" ">
    <subfield code="b">ENGMEC</subfield>
    <subfield code="c">March2019</subfield>
    <subfield code="c">May2019</subfield>
  </datafield>
  <datafield tag="700" ind1="1" ind2=" ">
    <subfield code="a">Boles, Michael A.</subfield>
  </datafield>
  <datafield tag="700" ind1="1" ind2=" ">
    <subfield code="a">Kanoglu, Mehmet.</subfield>
  </datafield>
  <datafield tag="942" ind1=" " ind2=" ">
    <subfield code="2">ddc</subfield>
  </datafield>
  <datafield tag="952" ind1=" " ind2=" ">
    <subfield code="0">0</subfield>
    <subfield code="1">0</subfield>
    <subfield code="2">ddc</subfield>
    <subfield code="4">0</subfield>
    <subfield code="7">0</subfield>
    <subfield code="8">Alahram</subfield>
    <subfield code="a">MAIN</subfield>
    <subfield code="b">MAIN</subfield>
    <subfield code="c">1ST</subfield>
    <subfield code="d">2019-03-30</subfield>
    <subfield code="e">Purchase</subfield>
    <subfield code="g">739.00</subfield>
    <subfield code="h">527</subfield>
    <subfield code="l">8</subfield>
    <subfield code="m">42</subfield>
    <subfield code="o">621.4021 CEN</subfield>
    <subfield code="p">000043302</subfield>
    <subfield code="r">2026-02-09 00:00:00</subfield>
    <subfield code="s">2026-02-03</subfield>
    <subfield code="v">923.75</subfield>
    <subfield code="y">BB</subfield>
  </datafield>
  <datafield tag="952" ind1=" " ind2=" ">
    <subfield code="0">0</subfield>
    <subfield code="1">0</subfield>
    <subfield code="2">ddc</subfield>
    <subfield code="4">0</subfield>
    <subfield code="7">0</subfield>
    <subfield code="8">Baccah</subfield>
    <subfield code="a">MAIN</subfield>
    <subfield code="b">MAIN</subfield>
    <subfield code="c">1ST</subfield>
    <subfield code="d">2019-03-30</subfield>
    <subfield code="e">Purchase</subfield>
    <subfield code="g">880.00</subfield>
    <subfield code="h">174</subfield>
    <subfield code="l">5</subfield>
    <subfield code="m">72</subfield>
    <subfield code="o">621.4021 CEN</subfield>
    <subfield code="p">000043303</subfield>
    <subfield code="q">2025-10-28</subfield>
    <subfield code="r">2025-10-21 00:00:00</subfield>
    <subfield code="s">2025-10-21</subfield>
    <subfield code="v">1100.00</subfield>
    <subfield code="y">BB</subfield>
  </datafield>
</record>
